000 01408nam a2200325 i 4500
001 16991
003 ES-MaACL
005 20250928125738.0
007 t|
008 001127s1959 sp |||| | spa d
080 _a75 Francés, Juana (064.3)
100 1 _aFrancés, Juana.
_952143
245 1 0 _aJuana Concepción Francés y su poesía pictórica
_b: [exposición, Sala del Prado del Ateneo de Madrid, 22 de mayo-7 de junio de 1959] /
_c[texto de] C. L. Popovici.
260 _aMadrid :
_bAteneo,
_c1959.
300 _a[32] p. :
_bprincipalmente il. n. ;
_c22 cm.
490 1 _aCuadernos de arte. Colección ordinaria ;
_v50
600 1 4 _aFrancés, Juana-
_xExposiciones.
_952144
610 2 4 _aAteneo de Madrid-
_vExposiciones-
_y1950-1959
_91919
610 2 4 _aAteneo de Madrid-
_vObras digitalizadas.
_91930
655 7 _2tgfbne
_9193628
_aCatálogos de exposiciones
700 1 _aPopovici, Cirilo L.,
_d1902-1995
_993104
710 2 _aAteneo de Madrid.
_bSala del Prado.
_91965
830 0 _aCuadernos de arte. Colección ordinaria
_v50
_9180064
852 _aES-MaACL
_j2160-F-23
_cDEPOF
_zRevisado enlace: 22 de Abril de 2025
852 _aES-MaACL
_j2190-F-11
_cDEPOF
_zRevisado enlace: 22 de Abril de 2025
852 _aES-MaACL
_jG-13294(10)
_cSPP3
856 _uhttp://www.ateneodemadrid.com/biblioteca_digital/folletos/CACo-050.pdf
_yVer documento
942 _2udc
999 _c16991
_d16991